<?xml version="1.0" encoding="UTF-8"?>
<record
    xmlns:xsi="http://www.w3.org/2001/XMLSchema-instance"
    xsi:schemaLocation="http://www.loc.gov/MARC21/slim http://www.loc.gov/standards/marcxml/schema/MARC21slim.xsd"
    xmlns="http://www.loc.gov/MARC21/slim">

  <leader>00752nam a22001937a 4500</leader>
  <controlfield tag="003">BI-BuBU</controlfield>
  <controlfield tag="008">260224b           ||||| |||| 00| 0 fre d</controlfield>
  <datafield tag="037" ind1=" " ind2=" ">
    <subfield code="b">Don</subfield>
  </datafield>
  <datafield tag="040" ind1=" " ind2=" ">
    <subfield code="a">BI-BuBU</subfield>
    <subfield code="c">BI-BuBU</subfield>
    <subfield code="d">BI-BuBU</subfield>
  </datafield>
  <datafield tag="041" ind1=" " ind2=" ">
    <subfield code="a">fr</subfield>
  </datafield>
  <datafield tag="100" ind1=" " ind2=" ">
    <subfield code="a">MUKESHIMANA Anitta</subfield>
  </datafield>
  <datafield tag="245" ind1=" " ind2=" ">
    <subfield code="a">Conception et impl&#xE9;mentation d'une plateforme num&#xE9;rique du suivi et gestion du parc mat&#xE9;riel de l'universit&#xE9; du Burundi </subfield>
    <subfield code="c">MUKESHIMANA Anitta</subfield>
  </datafield>
  <datafield tag="260" ind1=" " ind2=" ">
    <subfield code="a">Bujumbura</subfield>
    <subfield code="b">Universit&#xE9; du Burundi, facult&#xE9; des sciences de l'ing&#xE9;nieur </subfield>
    <subfield code="c">2025</subfield>
  </datafield>
  <datafield tag="300" ind1=" " ind2=" ">
    <subfield code="a">XIII-70 f</subfield>
    <subfield code="c">30 cm</subfield>
  </datafield>
  <datafield tag="502" ind1=" " ind2=" ">
    <subfield code="a">M&#xE9;moire pr&#xE9;sente a la facult&#xE9; des sciences de l'ing&#xE9;nieur(FSI) en vue de l'obtention du grade MASTER en G&#xE9;nie informatique </subfield>
  </datafield>
  <datafield tag="650" ind1=" " ind2=" ">
    <subfield code="2">BI-BuBU</subfield>
  </datafield>
  <datafield tag="655" ind1=" " ind2=" ">
    <subfield code="2">BI-BuBU</subfield>
  </datafield>
  <datafield tag="942" ind1=" " ind2=" ">
    <subfield code="2">ddc</subfield>
    <subfield code="c">MEM</subfield>
  </datafield>
  <datafield tag="999" ind1=" " ind2=" ">
    <subfield code="c">53410</subfield>
    <subfield code="d">53410</subfield>
  </datafield>
  <datafield tag="952" ind1=" " ind2=" ">
    <subfield code="0">0</subfield>
    <subfield code="1">0</subfield>
    <subfield code="2">udc</subfield>
    <subfield code="4">0</subfield>
    <subfield code="7">0</subfield>
    <subfield code="9">85266</subfield>
    <subfield code="a">BC</subfield>
    <subfield code="b">BROHERO </subfield>
    <subfield code="d">2026-02-24</subfield>
    <subfield code="e">Don</subfield>
    <subfield code="l">0</subfield>
    <subfield code="o">675.97 688.77</subfield>
    <subfield code="r">2026-02-24</subfield>
    <subfield code="w">2026-02-24</subfield>
    <subfield code="y">MEM</subfield>
  </datafield>
</record>
